000 00435nam a2200169Ia 4500
008 230524s9999 xx 000 0 und d
082 _a5
_bW00
100 _aMason Woo
_924030
245 0 _aOpen GL Programming Guide
250 _a3RD
260 _aEGLAND
_bPearson
_c2000
300 _aXVI;707
500 _aQuantity Number: 1
650 _aComp-Sc
700 _a"Jackie Neider, Tom Devis , Dave Shreiner,,"
_924031
942 _cBK
999 _c35573
_d35573